De la peña al Sahara (Record no. 157052)
[ view plain ]
| 000 -LEADER | |
|---|---|
| campo de control de longitud fija | 00809nam a22001935i 4500 |
| 001 - NÚMERO DE CONTROL | |
| campo de control | 157052 |
| 003 - IDENTIFICADOR DE NÚMERO DE CONTROL | |
| campo de control | ES-MaACL |
| 005 - FECHA Y HORA DE LA ÚLTIMA TRANSACCIÓN | |
| campo de control | 20230906210553.0 |
| 008 - DATOS DE LONGITUD FIJA--INFORMACIÓN GENERAL | |
| campo de control de longitud fija | 991213s1888 sp |||| | spa d |
| 100 1# - ENTRADA PRINCIPAL--NOMBRE DE PERSONA | |
| Nombre de persona | Lara, Juan Felipe de. |
| 9 (RLIN) | 128691 |
| 245 10 - MENCIÓN DEL TÍTULO | |
| Título | De la peña al Sahara |
| Resto del título | : apuntes de viaje / |
| Mención de responsabilidad, etc. | Juan Felipe de Lara. |
| 260 ## - PUBLICACIÓN, DISTRIBUCIÓN, ETC. | |
| Lugar de publicación, distribución, etc. | Madrid : |
| Nombre del editor, distribuidor, etc. | [s.n.], |
| Fecha de publicación, distribución, etc. | 1888 ( |
| Fabricante | Imp. de Infantería de Marina) |
| 300 ## - DESCRIPCIÓN FÍSICA | |
| Extensión | 195 p. ; |
| Dimensiones | 18 cm. |
| 505 0# - NOTA DE CONTENIDO CON FORMATO | |
| Nota de contenido con formato | El Tell ; El pequeño desierto ; El Sahara y la frontera de Marruecos |
| 530 ## - NOTA DISPONIBLE DE FORMULARIO FÍSICO ADICIONAL | |
| Nota de formato físico adicional disponible | Disponible en formato digital. |
| 651 #4 - PUNTO DE ACCESO ADICIONAL DE MATERIA--NOMBRE GEOGRÁFICO | |
| Nombre geográfico | Sahara- |
| Subdivisión general | Descripción. |
| 9 (RLIN) | 137377 |
| 852 ## - LOCALIZACIÓN | |
| Ubicación | ES-MaACL |
| Número de control de estantería | T-735-F-6 |
| Nota libre | - Enc. hol. conservando cub. original |
| -- | - Enc. en un vol. facticio |
| 856 ## - LOCALIZACIÓN Y ACCESO ELECTRÓNICOS | |
| Identificador Uniforme de Recursos | <a href="http://bdh-rd.bne.es/viewer.vm?id=0000089917&page=1 ">http://bdh-rd.bne.es/viewer.vm?id=0000089917&page=1 </a> |
| Nota pública | Biblioteca Digital Hispánica |
| Estatus retirado | Estado de pérdida | Estado de daño | No para préstamo | Colección | Biblioteca de origen | Biblioteca actual | Ubicación en estantería | Fecha de adquisición | Total de préstamos | Signatura topográfica completa | Código de barras | Visto por última vez | Precio de reemplazo | Tipo de ítem Koha |
|---|---|---|---|---|---|---|---|---|---|---|---|---|---|---|
| Colección de folletos | Biblioteca del Ateneo de Madrid | Biblioteca del Ateneo de Madrid | Depósito folletos | 17/01/2008 | T-735-F-6 | 1164320 | 23/02/2023 | 23/02/2023 | Folleto |
